Central Library OPAC University of Rajshahi

Versailles and after, 1919-1933 / (Record no. 24685)

MARC details
000 -LEADER
fixed length control field 00898nam a2200289 a 4500
001 - CONTROL NUMBER
control field 24685
003 - CONTROL NUMBER IDENTIFIER
rucl marc code BD-RjUL
005 - DATE AND TIME OF LATEST TRANSACTION
control field 20211209001102.0
008 - FIXED-LENGTH DATA ELEMENTS--GENERAL INFORMATION
fixed length control field 140315s1995 enkb b 000 0 eng
020 ## - INTERNATIONAL STANDARD BOOK NUMBER
International Standard Book Number 0415127106
035 ## - SYSTEM CONTROL NUMBER
System control number (BD-RjUL)24754
040 ## - CATALOGING SOURCE
Original cataloging agency DLC
Transcribing agency DLC
Modifying agency DLC
-- BD-RjUL
Language of cataloging eng
041 ## - LANGUAGE CODE
Language code of text/sound track or separate title eng
082 00 - DEWEY DECIMAL CLASSIFICATION NUMBER
Edition number 23
Classification number 940.3142
Author mark and year HEV 1995
100 1# - MAIN ENTRY--PERSONAL NAME
Personal name Henig, Ruth B.
Fuller form of name (Ruth Beatrice)
9 (RLIN) 75983
245 10 - TITLE STATEMENT
Title Versailles and after, 1919-1933 /
Statement of responsibility, etc. Ruth Henig.
250 ## - EDITION STATEMENT
Edition statement 2nd ed.
260 ## - PUBLICATION, DISTRIBUTION, ETC. (IMPRINT)
Place of publication, distribution, etc. London ;
-- New York :
Name of publisher, distributor, etc. Routledge,
Date of publication, distribution, etc. 1995.
300 ## - PHYSICAL DESCRIPTION
Pagination xvi, 78 p. :
Illustrations map ;
Size 22 cm.
504 ## - BIBLIOGRAPHY, ETC. NOTE
Bibliography, etc Includes bibliographical references (p. 77-78).
610 20 - SUBJECT ADDED ENTRY--CORPORATE NAME
Corporate name or jurisdiction name as entry element League of Nations
650 #0 - SUBJECT ADDED ENTRY--TOPICAL TERM
Topical term or geographic name as entry element World War, 1914-1918
General subdivision Peace.
9 (RLIN) 75986
Topical term or geographic name as entry element World War, 1914-1918
Geographic subdivision United States.
9 (RLIN) 75987
942 ## - ADDED ENTRY ELEMENTS (KOHA)
Source of classification or shelving scheme Dewey Decimal Classification
Koha item type Books
Holdings
Lost status Source of classification or shelving scheme Damaged status Not for loan Collection code Permanent Location Current Location Shelving location Date acquired Source of acquisition Cost, normal purchase price Total Checkouts Full call number Date last seen Copy number Koha item type
  Dewey Decimal Classification   Added to bundle Non-fiction Central Library, University of Rajshahi Central Library, University of Rajshahi Reading Room 16/08/1997 Dhaka, Paragon Enterprises Ltd. 5.25   940.3142 HEV 1995 15/03/2014 C-1 Books
  Dewey Decimal Classification     Non-fiction Central Library, University of Rajshahi Central Library, University of Rajshahi     Dhaka, Paragon Enterprises Ltd. 5.25   940.3142 HEV 1995 11/03/2017 C-2 Books